Normal view
MARC view
- Agriculture
Entry Topical Term
001 - CONTROL NUMBER
- control field: 40327
003 - CONTROL NUMBER IDENTIFIER
- control field: OSt
005 - DATE AND TIME OF LATEST TRANSACTION
- control field: 20260509154853.0
008 - FIXED-LENGTH DATA ELEMENTS
- fixed length control field: 260509|| aca||aabn | a|a d
040 ## - CATALOGING SOURCE
- Original cataloging agency: OSt
- Transcribing agency: OSt
150 ## - HEADING--TOPICAL TERM
- Topical term or geographic name entry element: Agriculture
- Chronological subdivision: G4774
670 ## - SOURCE DATA FOUND
- Source citation: Work cat.: (OSt)90293: Rana Rohit And Yadav Dhinu 40326, Biopesticides & Biofertilizers, 2025




